Análisis Estructural

Bibliographic Details
Main Author: McCormac, Jack C.
Format: Section = Libro
Language:Undetermined
Spanish
Published: México Harla 1983
Edition:3a.ed.
Subjects:
LEADER 00580nam a2200229Ia 4500
008 241007s9999||||xx |||||||||||||| ||und||
020 |a 968-6034-22-6 
040 |a BIBLIOTECA-RURC/ 624.171 M131 
041 |a spa 
082 |a 624.171 M131 
100 1 |a McCormac, Jack C. 
245 1 0 |a Análisis Estructural 
250 |a 3a.ed. 
260 |a México  |b Harla  |c 1983 
300 |a 614 p. :il. 
650 7 |a REACCIONES 
650 7 |b  DIAGRAMAS DE FUERZAS CORTANTES 
650 7 |c  METODOS DE NUDOS 
650 7 |d  TIPOS DE ARMADURAS. 
942 |c BK  |2 ddc 
991 |a TEXTO 
999 |c 14477